Arthanaitik unnayanar samajtatta. (Record no. 183)

MARC details
000 -LEADER
fixed length control field 00572cam a2200205ua 4500
008 - FIXED-LENGTH DATA ELEMENTS--GENERAL INFORMATION
fixed length control field 110326n ii |||gr||||Z||||||asm
040 ## - CATALOGING SOURCE
Transcribing agency MAIN
082 ## - DEWEY DECIMAL CLASSIFICATION NUMBER
Classification number 301
245 1# - TITLE STATEMENT
Title Arthanaitik unnayanar samajtatta.
Statement of responsibility, etc. By Birendra Nath Borthakur.
250 ## - EDITION STATEMENT
Edition statement 1st.
260 ## - PUBLICATION, DISTRIBUTION, ETC.
Place of publication, distribution, etc. Dibrugarh.:
Name of publisher, distributor, etc. Upashana publishing.,
Date of publication, distribution, etc. 2005.
300 ## - PHYSICAL DESCRIPTION
Extent 167 p.:4 cm.
700 ## - ADDED ENTRY--PERSONAL NAME
Personal name Borthakur, Birendra Nath.,
700 ## - ADDED ENTRY--PERSONAL NAME
Personal name Bordoloi, Ruprekha.,
942 ## - ADDED ENTRY ELEMENTS (KOHA)
Koha item type Books
653 ## - INDEX TERM--UNCONTROLLED
Uncontrolled term Sociology.
653 ## - INDEX TERM--UNCONTROLLED
Uncontrolled term Orthanaitik unnayanar samajtatta.
653 ## - INDEX TERM--UNCONTROLLED
Uncontrolled term Sociology of economic development
Holdings
Withdrawn status Lost status Damaged status Not for loan Home library Current library Shelving location Date acquired Total Checkouts Full call number Barcode Date last seen Date last checked out Copy number Price effective from Koha item type Source of classification or shelving scheme Collection code Cost, normal purchase price
        Central Library, Naharkatiya College Central Library, Naharkatiya College General Stacks 19/09/2020 1 301 | BOR 18627 24/04/2024 14/03/2024 2 19/09/2020 Books      
        Central Library, Naharkatiya College Central Library, Naharkatiya College General Stacks 19/09/2020 3 301 | BOR 18628 18/03/2024 27/02/2024 1 19/09/2020 Books      
        Central Library, Naharkatiya College Central Library, Naharkatiya College General Stacks 19/09/2020 2 301 | BOR 19157 18/03/2024 09/03/2024 3 19/09/2020 Books      
        Central Library, Naharkatiya College Central Library, Naharkatiya College General Stacks 09/02/2024 1 301 19156 22/02/2024 09/02/2024 4 09/02/2024 Books Dewey Decimal Classification Sociology 100.00

Naharkatiya College © 2020. All rights reserved.

Powered By